Chaîne de mots de 4 lettres - Histoire - Statistiques

Statistiques générales
  • Ce quiz a été pris 63 053 fois
  • Le résultat moyen est 18 sur 27
Statistiques - réponses
Indice Réponse % Correct
Roi des dieux grecs Zeus
94%
Subdivision telle que l'Alaska ou le Texas État
92%
Mois devant son nom à l'empereur Auguste Août
86%
Alliance militaire transatlantique OTAN
85%
Canal nationalisé par l'Égypte en 1956 Suez
85%
Prénom de Blum ou de Trotski Léon
84%
Fête ayant permis une trève en 1914 Noël
82%
Ce à quoi fut forcé Napoléon en 1815 Exil
81%
Titre de Nicolas II ou d'Alexandre III Tsar
81%
Celui de Nantes fut promulgué en 1598 Édit
79%
État dissous le 26 décembre 1991 URSS
76%
Pièce d'étoffe portée par les Romains Toge
75%
Il est au centre d'une théocratie Dieu
67%
Système économique basé sur l'échange Troc
67%
Animal associé à Louis VIII Lion
64%
Membre de la Chambre haute britannique Lord
61%
Monnaie de l'Allemagne avant l'Euro Mark
57%
Bateau de Colomb signifiant "fillette" Niña
53%
Département où est né Charles de Gaulle Nord
53%
Ville mise à sac par les Vandales en 455 Rome
52%
Dynastie chinoise régnant de 1368 à 1644 Ming
51%
Inventeur ayant popularisé le révolver Colt
48%
Dirigeant yougoslave nommé Josip Broz Tito
48%
Ancien nom de la Thaïlande Siam
46%
Prélèvement de la dixième partie du revenu Dîme
42%
Île espagnole cédée aux États-Unis en 1898 Guam
27%
Chancelier allemand de 1982 à 1998 Kohl
27%
Aucun quiz correspondant
Distribution des résultats
% des personnes avec chaque résultat
Percentile par nombre de réponses
Votre historique - résultats
Vous n’avez pas pris ce quiz